|
|
|
|
| LEADER |
01755nam a2200493 4500 |
| 001 |
ocn875668671 |
| 003 |
OCoLC |
| 005 |
20170124071836.1 |
| 006 |
m o d |
| 007 |
cr unu|||||||| |
| 008 |
140404s2014 njua o 001 0 eng d |
| 040 |
|
|
|a UMI
|b eng
|e pn
|c UMI
|d DG1
|d CUS
|d YDXCP
|d OCLCO
|d OCLCF
|d FDA
|d OCLCO
|d OCLCQ
|d DG1
|d GrThAP
|
| 020 |
|
|
|a 9781118870372
|q (electronic bk.)
|
| 020 |
|
|
|a 1118870379
|q (electronic bk.)
|
| 020 |
|
|
|z 9781118870433
|
| 020 |
|
|
|z 1118870433
|
| 020 |
|
|
|z 9781118734094
|
| 029 |
1 |
|
|a CHBIS
|b 010441983
|
| 029 |
1 |
|
|a CHVBK
|b 334089824
|
| 029 |
1 |
|
|a DEBBG
|b BV041877818
|
| 029 |
1 |
|
|a GBVCP
|b 790212617
|
| 029 |
1 |
|
|a NZ1
|b 15497434
|
| 029 |
1 |
|
|a NZ1
|b 15906677
|
| 035 |
|
|
|a (OCoLC)875668671
|
| 037 |
|
|
|a CL0500000413
|b Safari Books Online
|
| 050 |
|
4 |
|a HF5681.B2
|b .W554 2014
|
| 082 |
0 |
4 |
|a 657/.3
|2 23
|
| 049 |
|
|
|a MAIN
|
| 245 |
0 |
0 |
|a 2014 interpretation and application of international financial reporting standards /
|c Bruce Mackenzie [and others].
|
| 246 |
1 |
4 |
|a Wiley interpretation and application
|
| 264 |
|
1 |
|a Hoboken, N.J. :
|b Wiley,
|c 2014.
|
| 300 |
|
|
|a 1 online resource (ix, 1055 pages) :
|b illustrations
|
| 336 |
|
|
|a text
|b txt
|2 rdacontent
|
| 337 |
|
|
|a computer
|b c
|2 rdamedia
|
| 338 |
|
|
|a online resource
|b cr
|2 rdacarrier
|
| 588 |
0 |
|
|a Print version record.
|
| 500 |
|
|
|a Includes index.
|
| 650 |
|
0 |
|a Financial statements
|x Standards.
|
| 650 |
|
7 |
|a Financial statements
|x Standards.
|2 fast
|0 (OCoLC)fst00924803
|
| 655 |
|
4 |
|a Electronic books.
|
| 700 |
1 |
|
|a Mackenzie, Bruce,
|d 1974-
|
| 776 |
0 |
8 |
|i Print version:
|t Wiley Ifrs 2014.
|d John Wiley & Sons Inc 2014
|z 9781118734094
|w (OCoLC)852823536
|
| 856 |
4 |
0 |
|u https://doi.org/10.1002/9781118870372
|z Full Text via HEAL-Link
|
| 994 |
|
|
|a 92
|b DG1
|